000 00933cam a22002175a 4500
001 L158978
008 151118s2015 xxk f 000 0 eng d
035 _a(Sirsi) u158978
041 0 _aeng
110 2 _aAcclaro Advisory
245 0 0 _aSustainable FM Index 2015
_h[electronic resource]
260 _aBracknell
_b Acclaro Advisory
_c2015
520 _aProduced annually, provides a 360 degree view on the sustainable performance of leading UK facility management providers, both private and listed companies, measured on 23 key sustainability factors broken down into management and governance, environment and society.
590 _aKA
650 2 4 _aPERFORMANCE
651 4 _aUnited Kingdom
_y
690 _aFacilities management
_96240
690 _aSustainability
_96271
856 4 0 _uhttps://media.wix.com/ugd/5d2fd1_e894083044eb4265b0a150a140e509c9.pdf
_zView the item free of charge from www.media.wix.com
942 _n0
999 _c115609
_d115609